Christmas stories

Bibliographic Details
Format: Book
Published: England : Brown Watson , 2008
Subjects:

MARC

LEADER 00000cam a2200000 7i4500
001 0000138043
005 20131119.0
020 |a 9780709713234 
090 0 0 |a JF   |b CHR 
245 0 0 |a Christmas stories 
260 |a England :   |b Brown Watson ,   |c 2008 
300 |a 79p. :   |b ill. ;   |c 24cm. 
500 |a 1 copy at Play & Learn Library 
650 0 0 |a Children's stories 
999 |a 00236208   |b BUKU   |c PINJAMAN   |e PERPUSTAKAAN KOMUNITI PETALING JAYA 
999 |a 00286556   |b BUKU   |c JUNIOR REFERENCE   |e PERPUSTAKAAN KOMUNITI PETALING JAYA